| 000 | 01646nam a22002777a 4500 | ||
|---|---|---|---|
| 005 | 20110630114551.0 | ||
| 010 | _aENG-102819 B-463512-516 | ||
| 020 |
_a9788174766953 _c170.00 |
||
| 035 | _aEN-86352 B-463512-516 | ||
| 037 | _bDBAD/PUB | ||
| 037 | _bRBC/Ven | ||
| 082 | _a881 | ||
| 100 |
_aChowdhury, K.L. _952010 |
||
| 245 |
_aHomeland after eighteen years : _cby K L Chowdhury _ba 48 hour travelogue in Kashmir / |
||
| 260 |
_aNew Delhi _bUBS Publishers Distributors _c2011 |
||
| 270 |
_a5 Ansari Road,Daryaganj, _bNew Delhi _e110002 |
||
| 300 |
_axv,132p. _c22cm (pbk) |
||
| 942 |
_2ddc _cEN _mCHO _h881 |
||
| 999 |
_c53450 _d53450 |
||